Pittori italiani contemporanei

Saved in:
Bibliografiske detaljer
Hovedforfatter: Ungaretti, Giuseppe (Author)
Format: Bog
Sprog:italiensk
Udgivet: Turín Licinio Cappelli Bologna 1950
Fag:
Tags: Tilføj Tag
Ingen Tags, Vær først til at tagge denne postø!

MARC

LEADER 00000nam a2200000 a 4500
001 UCO4068
003 CL-VaPUC
008 000728e19500000IT |||||||||||||||||ita|d
082 0 4 |a 759.5  |b UNG  |2 21 
100 0 |a Ungaretti, Giuseppe  |e author  |9 448191 
245 1 0 |a Pittori italiani contemporanei 
300 |a 66 p 
942 |c BK 
945 |d 20000728 00:00:00  |a crobeson 
260 |a Turín  |b Licinio Cappelli Bologna  |c 1950 
650 0 |a Pintura italiana  |9 265293 
650 0 |a Pintores italianos  |9 265277 
651 0 |a Italia  |9 254949 
583 |a last modification  |c 20000728 00:00:00  |k Rodrigo Vera 
999 |c 290153  |d 290151 
952 |0 0  |1 0  |4 0  |6 759_500000000000000_UNG_1950  |7 0  |8 X  |9 339419  |a BIBHIS  |b BIBHIS  |d 2019-11-20  |i 1203770  |o 759.5 UNG 1950  |p 1203770  |r 2024-01-30  |w 2019-11-20  |y BK_X  |k HIS